00369nam a2200109Ia 4500008004100000082001500041100002200056245006500078942000600143952009700149999001300246240331s9999 xx 000 0 und d a294.3bWIC aWickramarathne, A 0aBuddhism and ethnicity in Sri Lanka :ba historical analrsis cL 001040708LaWERCLbWERCLcSSCd2024-03-31l0o 294.3 WICp5195r2024-03-31w2024-03-31yL c927d927